[Event "26th EUR-ch"]
[Site "Katowice POL"]
[Date "2026.04.14"]
[Round "7.54"]
[White "Sahidi, Samir"]
[Black "Suleymanli, Suleyman"]
[Result "0-1"]
[WhiteElo "2513"]
[BlackElo "2348"]
[EventDate "2026.04.07"]
[PlyCount "98"]

1.c4 Nf6 2.g3 e6 3.Bg2 d5 4.Nf3 dxc4 5.Qa4+ Bd7 6.Qxc4 c5 7.O-O Bc6 8.b3 
Nbd7 9.Bb2 Be7 10.Rd1 O-O 11.Qc2 Rc8 12.Nc3 b5 13.Ng5 Bxg2 14.Kxg2 h6 15.
Nf3 Qb6 16.Rac1 c4 17.bxc4 Rxc4 18.d3 Rc6 19.Qb3 a6 20.d4 Rfc8 21.a3 Rc4 
22.Nb1 Ne4 23.Qd3 Qb7 24.Kg1 Nb6 25.Ne5 Na4 26.Qb3 Rxc1 27.Rxc1 Rxc1+ 28.
Bxc1 Qc7 29.Bf4 Nec3 30.Qc2 Bd6 31.Nd3 Nxb1 32.Qxb1 Nc3 33.Qc2 Bxf4 34.
gxf4 Qc4 35.e3 a5 36.Kg2 b4 37.axb4 axb4 38.Nc5 Qd5+ 39.f3 Qa8 40.f5 exf5 
41.Kg3 g6 42.Qb3 Qa1 43.Kg2 Qe1 44.Qxb4 Qe2+ 45.Kg3 Qxe3 46.Qb8+ Kh7 47.
Qb7 Qg1+ 48.Kh3 Qf1+ 49.Kh4 g5+ 0-1

[Event "26th EUR-ch"]
[Site "Katowice POL"]
[Date "2026.04.14"]
[Round "7.55"]
[White "Stocek, Jiri"]
[Black "Papakonstantinou, Dimitrios"]
[Result "1-0"]
[WhiteElo "2512"]
[BlackElo "2338"]
[EventDate "2026.04.07"]
[PlyCount "75"]

1.d4 Nf6 2.c4 g6 3.Nc3 Bg7 4.e4 d6 5.h3 O-O 6.Bg5 c5 7.d5 e6 8.Nf3 exd5 9.
cxd5 Re8 10.Bd3 h6 11.Be3 c4 12.Bc2 Bd7 13.O-O b5 14.a3 Na6 15.Qd2 Kh7 16.
Rfe1 Qc7 17.Rad1 Rac8 18.Bd4 Nc5 19.e5 dxe5 20.Bxe5 Qb6 21.d6 Bc6 22.Bxf6 
Rxe1+ 23.Rxe1 Bxf6 24.Ne5 Bg5 25.Qd1 Qb7 26.h4 Bxh4 27.Qh5 Nd3 28.Bxd3 
Bxf2+ 29.Kxf2 cxd3 30.Qh3 b4 31.axb4 d2 32.Rd1 Re8 33.Nxc6 Qb6+ 34.Kf1 Re6
35.Qxe6 fxe6 36.d7 Qe3 37.d8=Q Qf4+ 38.Ke2 1-0

[Event "26th EUR-ch"]
[Site "Katowice POL"]
[Date "2026.04.14"]
[Round "7.56"]
[White "Piesik, Piotr"]
[Black "Boruchovsky, Avital"]
[Result "0-1"]
[WhiteElo "2407"]
[BlackElo "2510"]
[EventDate "2026.04.07"]
[PlyCount "96"]

1.d4 Nf6 2.c4 e6 3.Nc3 Bb4 4.f3 c5 5.d5 d6 6.e4 b5 7.Bd2 a6 8.a4 Ba5 9.
axb5 axb5 10.Kf2 bxc4 11.Bxc4 O-O 12.g4 Ba6 13.b3 Bxc4 14.bxc4 Nbd7 15.Nh3
Ne5 16.Qe2 Nfd7 17.Bg5 f6 18.Bd2 f5 19.exf5 exf5 20.g5 Re8 21.Kg2 Ng6 22.
Qf2 Nde5 23.Rhe1 Nxc4 24.Re6 Rxe6 25.dxe6 Qe8 26.Qe2 Nxd2 27.Qxd2 Bxc3 28.
Qxc3 Rxa1 29.Qxa1 Qxe6 30.Qa8+ Kf7 31.Qb7+ Kf8 32.Qb8+ Ke7 33.Qb7+ Qd7 34.
Qd5 Qc8 35.Kg3 Qe6 36.Qb7+ Kf8 37.Qb8+ Kf7 38.Qb7+ Ne7 39.Kf2 Qe5 40.f4 
Qd4+ 41.Kg3 Qe3+ 42.Qf3 Qxf3+ 43.Kxf3 Ke6 44.Nf2 Kd5 45.Ke3 Kc4 46.Nd3 
Nd5+ 47.Kd2 Kd4 48.h4 c4 0-1

[Event "26th EUR-ch"]
[Site "Katowice POL"]
[Date "2026.04.14"]
[Round "7.57"]
[White "Smolik, Jachym"]
[Black "Nasuta, Grzegorz"]
[Result "1/2-1/2"]
[WhiteElo "2395"]
[BlackElo "2506"]
[EventDate "2026.04.07"]
[PlyCount "89"]

1.d4 Nf6 2.Bf4 g6 3.Nc3 d5 4.Nb5 Na6 5.e3 Bg7 6.h3 O-O 7.Nf3 Ne4 8.Nd2 
Nxd2 9.Qxd2 c6 10.Nc3 Nb8 11.O-O-O b5 12.Bd3 Nd7 13.e4 e5 14.dxe5 d4 15.
Ne2 Nxe5 16.Bxe5 Bxe5 17.f4 Bg7 18.e5 Qd5 19.Kb1 Be6 20.Nc1 Rad8 21.g4 f5 
22.exf6 Rxf6 23.Rhg1 c5 24.f5 Bf7 25.Qa5 Rb6 26.fxg6 hxg6 27.Qxa7 Qd6 28.
Rgf1 Bd5 29.Rde1 Rb7 30.Qa5 c4 31.Bxg6 Rbb8 32.Be4 Be6 33.Qa3 Qxa3 34.bxa3
Rb6 35.Bf5 Bf7 36.Re7 Bd5 37.Rfe1 Ra6 38.g5 Rxa3 39.Re8+ Rxe8 40.Rxe8+ Kf7
41.Rb8 Rf3 42.Bg4 Rf2 43.Rxb5 Be4 44.Be2 Rxe2 45.Nxe2 1/2-1/2

[Event "26th EUR-ch"]
[Site "Katowice POL"]
[Date "2026.04.14"]
[Round "7.58"]
[White "Travadon, Loic"]
[Black "Coicev, Matei-Andrei"]
[Result "1/2-1/2"]
[WhiteElo "2505"]
[BlackElo "2333"]
[EventDate "2026.04.07"]
[PlyCount "333"]

1.e4 e5 2.Nf3 Nc6 3.Bb5 a6 4.Ba4 Nf6 5.O-O Be7 6.Re1 b5 7.Bb3 d6 8.c3 O-O 
9.h3 Nb8 10.d4 Nbd7 11.Nbd2 Bb7 12.Bc2 Re8 13.Nf1 Bf8 14.Ng3 g6 15.b3 Bg7 
16.d5 Qb8 17.Bg5 c6 18.c4 a5 19.Qd2 a4 20.Bh6 axb3 21.axb3 bxc4 22.bxc4 
Qc7 23.Rac1 Ra3 24.Bxg7 Kxg7 25.Qg5 Ng8 26.dxc6 Bxc6 27.Nf5+ Kf8 28.Nh6 
Nc5 29.Qd2 Nxh6 30.Qxh6+ Kg8 31.Rcd1 f6 32.Qd2 Rd8 33.Nh2 Ne6 34.Ng4 Qe7 
35.Qb4 Raa8 36.Qb6 Rac8 37.Qe3 h5 38.Nh2 Be8 39.Bd3 Bf7 40.Bf1 Kg7 41.Nf3 
Rc7 42.Rd2 Nf8 43.Rc1 Rdc8 44.Rcd1 Bxc4 45.Bxc4 Rxc4 46.Rxd6 Rc3 47.R6d3 
Rxd3 48.Rxd3 Rd8 49.Ra3 Rd7 50.Kh2 Ne6 51.Ra8 Rd8 52.Ra6 Rd7 53.Nh4 Ng5 
54.Ra4 Qd6 55.Nf3 Nxf3+ 56.Qxf3 Qd3 57.Ra7 Qd6 58.Ra3 Rf7 59.Rd3 Qc7 60.
Rc3 Qb7 61.Qe2 Rc7 62.Rg3 Kh7 63.Ra3 Rf7 64.g3 Kg7 65.Ra4 Rd7 66.Qa2 Rf7 
67.Kg2 Qc6 68.Rc4 Qb7 69.Qc2 Kh7 70.h4 Kg7 71.Rc8 f5 72.Rc4 fxe4 73.Rxe4 
Qd5 74.Qe2 Rd7 75.Qe3 Rf7 76.Qe1 Ra7 77.Kh3 Ra1 78.Qb4 Qd1 79.Qb7+ Kh6 80.
Rxe5 Qf1+ 81.Qg2 Qxg2+ 82.Kxg2 Kg7 83.Re7+ Kf6 84.Re4 Ra3 85.Kf1 Ra2 86.
Rf4+ Ke6 87.Kg2 Ra3 88.Rf3 Ra2 89.Rf8 Ra3 90.Kh3 Ke7 91.Rf4 Ke6 92.Rb4 Kf6
93.Rb6+ Kg7 94.Kg2 Rc3 95.Rb5 Kf6 96.Rg5 Kg7 97.Re5 Kf6 98.Re3 Rc2 99.Kf3 
Ra2 100.Re2 Ra4 101.Re4 Ra2 102.Rb4 Kg7 103.Ke3 Kf6 104.Rb6+ Kg7 105.Rd6 
Rb2 106.f3 Rb4 107.Rd4 Rb3+ 108.Kf4 Ra3 109.Rd7+ Kf6 110.Rd6+ Kg7 111.Re6 
Rb3 112.Re4 Kf6 113.Ra4 Kg7 114.g4 hxg4 115.fxg4 Rb5 116.Ra7+ Kf6 117.Ra6+
Kg7 118.Re6 Rb4+ 119.Re4 Rb5 120.Re5 Rb7 121.Kg5 Rc7 122.Rd5 Rb7 123.Re5 
Rc7 124.Re4 Rc5+ 125.Kf4 Rb5 126.Rd4 Ra5 127.Rb4 Rc5 128.Rb7+ Kf6 129.g5+ 
Ke6 130.Rb4 Ra5 131.Kg4 Kf7 132.Rd4 Rb5 133.Kf4 Ke6 134.Kg3 Kf7 135.Kf4 
Ke6 136.Ra4 Kf7 137.Ke4 Rc5 138.Ra7+ Ke6 139.Ra4 Rb5 140.Rd4 Ra5 141.Kf4 
Kf7 142.Ke4 Ke6 143.Rb4 Kf7 144.Rb7+ Ke6 145.Rb6+ Kf7 146.Rf6+ Kg7 147.Rd6
Kf7 148.Rd5 Ra4+ 149.Ke5 Rxh4 150.Rd7+ Kg8 151.Kf6 Rf4+ 152.Kxg6 Rf8 153.
Rg7+ Kh8 154.Rf7 Ra8 155.Rh7+ Kg8 156.Rg7+ Kh8 157.Re7 Kg8 158.Kf6 Ra6+ 
159.Kf5 Rb6 160.Rd7 Ra6 161.Kg4 Rb6 162.Kh5 Ra6 163.Rd8+ Kg7 164.Rc8 Rb6 
165.Rc7+ Kg8 166.Re7 Ra6 167.Re5 1/2-1/2

[Event "26th EUR-ch"]
[Site "Katowice POL"]
[Date "2026.04.14"]
[Round "7.59"]
[White "Janik, Igor"]
[Black "David, Alexandru-Vasile"]
[Result "1/2-1/2"]
[WhiteElo "2504"]
[BlackElo "2314"]
[EventDate "2026.04.07"]
[PlyCount "113"]

1.Nf3 d5 2.g3 Nf6 3.Bg2 e6 4.O-O Be7 5.c4 O-O 6.d3 c5 7.Bf4 Nc6 8.Ne5 Nxe5
9.Bxe5 Ng4 10.Bf4 e5 11.Bd2 d4 12.e3 dxe3 13.Bxe3 Bf5 14.Be4 Nxe3 15.fxe3 
Bxe4 16.dxe4 Qxd1 17.Rxd1 Bg5 18.Re1 Bd8 19.Na3 Ba5 20.Rf1 Rad8 21.Rad1 a6
22.g4 Rd2 23.Rxd2 Bxd2 24.Nc2 Rd8 25.Rd1 Kf8 26.Kf2 Ke7 27.Ke2 Ba5 28.Rxd8
Bxd8 29.Ne1 Kd6 30.Kd3 h6 31.Nf3 Ke6 32.h3 Kd6 33.Ke2 Ke6 34.Ne1 Kd6 35.
Nd3 b5 36.b3 b4 37.Ne1 Bh4 38.Nf3 Be7 39.Kf2 Ke6 40.Kg3 Bg5 41.Kf2 Be7 42.
Ke2 Kd6 43.Ne1 Bh4 44.Nd3 Bg3 45.Kf3 Bh4 46.Nc1 Kc6 47.Ne2 Kd6 48.Ng1 Ke6 
49.Ke2 Bg5 50.Nf3 Be7 51.Kf2 Bd8 52.h4 Be7 53.Kg3 Bd8 54.Ne1 Kd6 55.Nd3 
Be7 56.Nb2 Bd8 57.Nd3 1/2-1/2

[Event "26th EUR-ch"]
[Site "Katowice POL"]
[Date "2026.04.14"]
[Round "7.60"]
[White "Borrmann, Laurenz"]
[Black "Gokerkan, Cem Kaan"]
[Result "1/2-1/2"]
[WhiteElo "2391"]
[BlackElo "2501"]
[EventDate "2026.04.07"]
[PlyCount "102"]

1.Nf3 d5 2.g3 Nc6 3.d4 Bf5 4.Bg2 Nb4 5.Na3 Nf6 6.O-O e6 7.Ne5 Nd7 8.c3 
Nxe5 9.cxb4 Nd7 10.Bf4 a6 11.Nc2 c6 12.a3 Be7 13.Rc1 O-O 14.Bd2 Bf6 15.Bc3
e5 16.dxe5 Nxe5 17.Nd4 Bg6 18.Re1 Re8 19.b3 Qb6 20.Nf3 Nxf3+ 21.Bxf3 d4 
22.Bb2 a5 23.Rc4 Rad8 24.Qd2 axb4 25.Rxb4 Qa5 26.Qd1 Bc2 27.Qa1 c5 28.Rxb7
d3 29.Bxf6 Qxe1+ 30.Qxe1 d2 31.Qxd2 Rxd2 32.Be7 Bd1 33.Bxc5 Bxe2 34.Bxe2 
Rdxe2 35.a4 g5 36.Be3 g4 37.a5 Ra2 38.b4 h5 39.Rb5 Re4 40.Rg5+ Kh7 41.
Rxh5+ Kg6 42.Rg5+ Kh7 43.Bc5 f6 44.Rh5+ Kg6 45.Rh4 f5 46.h3 Kg5 47.hxg4 
fxg4 48.Kg2 Re1 49.Rh1 Rxh1 50.Kxh1 Kf5 51.Kg2 Ke4 1/2-1/2

[Event "26th EUR-ch"]
[Site "Katowice POL"]
[Date "2026.04.14"]
[Round "7.61"]
[White "Povshednyi, Ivan"]
[Black "Velten, Paul"]
[Result "1/2-1/2"]
[WhiteElo "2391"]
[BlackElo "2500"]
[EventDate "2026.04.07"]
[PlyCount "103"]

1.d4 Nf6 2.c4 e6 3.Nf3 d5 4.g3 Be7 5.Bg2 O-O 6.O-O a5 7.Qc2 Nbd7 8.Rd1 h6 
9.Nc3 c6 10.e4 dxc4 11.a4 Nb6 12.h4 Bd7 13.Bf4 Re8 14.Ne5 Bf8 15.Qe2 c5 
16.dxc5 Bxc5 17.Nb5 Re7 18.Nd6 Bxa4 19.Nexf7 Bxd1 20.Rxd1 Qd7 21.Ne5 Qa4 
22.Ng6 Rd7 23.e5 Bxd6 24.exd6 Re8 25.Re1 e5 26.Nxe5 Rxd6 27.Qf3 Nbd5 28.
Bxh6 gxh6 29.Qf5 Rxe5 30.Qxe5 Qd7 31.Bh3 Qd8 32.Be6+ Kg7 33.g4 Rxe6 34.
Qxe6 Qd7 35.g5 Qxe6 36.Rxe6 hxg5 37.hxg5 Ng8 38.Rd6 Nge7 39.f4 Nxf4 40.Rd7
Nd5 41.Rxb7 Kg6 42.Kf2 Kxg5 43.Rb5 Kf5 44.Rxa5 Ke4 45.Ke2 Nc6 46.Ra8 Kd4 
47.Kd2 Kc5 48.Rc8 Nb6 49.Rxc6+ Kxc6 50.b3 cxb3 51.Kc3 Nc4 52.Kxb3 1/2-1/2

[Event "26th EUR-ch"]
[Site "Katowice POL"]
[Date "2026.04.14"]
[Round "7.62"]
[White "Kiladze, Luka"]
[Black "Klimkowski, Jan"]
[Result "1/2-1/2"]
[WhiteElo "2380"]
[BlackElo "2498"]
[EventDate "2026.04.07"]
[PlyCount "210"]

1.e4 c5 2.Nf3 d6 3.d4 Nf6 4.Bb5+ Bd7 5.Bxd7+ Qxd7 6.dxc5 Nxe4 7.cxd6 Nxd6 
8.O-O Nc6 9.Bf4 e6 10.Qe2 Be7 11.Rd1 Rd8 12.c4 Qc8 13.Nc3 O-O 14.Rac1 Nf5 
15.Qe4 Bf6 16.g4 Nfd4 17.g5 Nxf3+ 18.Qxf3 Bxc3 19.bxc3 b6 20.h4 Na5 21.Bd6
Rfe8 22.c5 Nb7 23.Bg3 Nxc5 24.h5 e5 25.Rxd8 Qxd8 26.Qg4 Ne6 27.Bh4 Qd2 28.
Rd1 Qxc3 29.g6 hxg6 30.hxg6 Qc7 31.Bg3 Nf8 32.Qa4 Qe7 33.gxf7+ Qxf7 34.Re1
Ng6 35.Qc6 Ne7 36.Qb5 Nf5 37.Rxe5 Rf8 38.Qd3 Nxg3 39.Qxg3 Re8 40.Rxe8+ 
Qxe8 41.a3 Qd7 42.Qf4 b5 43.Qf3 g6 44.Qe4 Kh7 45.Qf4 Qe7 46.Qf3 a6 47.Qh3+
Kg7 48.Qc3+ Qf6 49.Qc7+ Kh6 50.Qh2+ Kg5 51.Qg3+ Kh5 52.Qh3+ Qh4 53.Qc3 
Qg4+ 54.Kh2 Qf4+ 55.Kg1 Qd6 56.Qf3+ Kg5 57.Kf1 Qe6 58.Qf8 Kg4 59.Kg2 Kg5 
60.Kf1 Qf6 61.Qc5+ Kh6 62.Qe3+ Qg5 63.Qh3+ Qh5 64.Qe3+ g5 65.Qe6+ Qg6 66.
Qh3+ Kg7 67.Qd7+ Qf7 68.Qd4+ Kg6 69.Qd3+ Kf6 70.Qc3+ Kg6 71.Qd3+ Kh6 72.
Qd6+ Qg6 73.Qh2+ Kg7 74.Qc7+ Qf7 75.Qd6 Qc4+ 76.Kg1 a5 77.Qe7+ Kh6 78.Qd6+
Kh5 79.Qh2+ Kg4 80.Qg3+ Kf5 81.Qf3+ Kg6 82.Qf8 Qg4+ 83.Kf1 Qd1+ 84.Kg2 
Qd5+ 85.Kg1 a4 86.Kf1 Qe6 87.Kg1 Qc6 88.Kf1 Qc4+ 89.Kg2 Qg4+ 90.Kf1 Qe6 
91.Kg1 g4 92.Kf1 g3 93.Qf3 Qh3+ 94.Ke2 Qh5 95.Qxh5+ Kxh5 96.fxg3 b4 97.Kd2
b3 98.Kc3 Kg4 99.Kb2 Kxg3 100.Kb1 Kf4 101.Kb2 Ke4 102.Kb1 Kd3 103.Kb2 Kc4 
104.Kb1 Kc3 105.Ka1 Kc2 1/2-1/2

[Event "26th EUR-ch"]
[Site "Katowice POL"]
[Date "2026.04.14"]
[Round "7.63"]
[White "Dyachuk, Artem"]
[Black "Cieslak, Patryk"]
[Result "1/2-1/2"]
[WhiteElo "2323"]
[BlackElo "2495"]
[EventDate "2026.04.07"]
[PlyCount "66"]

1.d4 d5 2.c4 e6 3.Nf3 Nf6 4.g3 Bb4+ 5.Bd2 a5 6.Bg2 O-O 7.Qc2 Be7 8.O-O c6 
9.b3 b6 10.Bf4 Nbd7 11.Nbd2 Nh5 12.Be5 Bb7 13.Rad1 Rc8 14.e4 c5 15.exd5 
exd5 16.dxc5 Bxc5 17.Bb2 Nhf6 18.Qf5 Qc7 19.Ne5 Nxe5 20.Bxe5 Qd7 21.Qf4 
Qg4 22.Bxf6 Qxf4 23.gxf4 gxf6 24.Bxd5 Bxd5 25.cxd5 Rfe8 26.Kg2 b5 27.Nf3 
Kf8 28.Nd4 Bxd4 29.Rxd4 Re2 30.a4 Rb2 31.axb5 Rxb3 32.d6 Rxb5 33.d7 Rd8 
1/2-1/2

[Event "26th EUR-ch"]
[Site "Katowice POL"]
[Date "2026.04.14"]
[Round "7.64"]
[White "Gharibian, Mamikon"]
[Black "Zlatkov, Anton"]
[Result "1/2-1/2"]
[WhiteElo "2487"]
[BlackElo "2299"]
[EventDate "2026.04.07"]
[PlyCount "120"]

1.d4 Nf6 2.c4 e6 3.Nf3 d5 4.Nc3 Bb4 5.cxd5 exd5 6.Bf4 Ne4 7.Rc1 Nd7 8.Qb3 
Bxc3+ 9.bxc3 Nb6 10.e3 O-O 11.Be2 Bf5 12.h3 c5 13.O-O Qd7 14.dxc5 Nxc5 15.
Qb4 Rfc8 16.Rfd1 Qa4 17.Bb5 a5 18.Qxa4 Ncxa4 19.Nd4 Be6 20.Ne2 Rc5 21.Rb1 
Bf5 22.Bd3 Bxd3 23.Rxd3 f6 24.g4 Rac8 25.Kg2 R5c6 26.h4 Nc5 27.Rdd1 Nca4 
28.Rb5 Rxc3 29.Rxa5 Rc2 30.Nd4 Rb2 31.Ra7 Nc3 32.Rd3 Ne4 33.Bg3 Ra8 34.
Rxa8+ Nxa8 35.Rb3 Rxb3 36.axb3 Kf7 37.Bb8 Nb6 38.f3 Nc5 39.Bd6 Ne6 40.Nb5 
Ke8 41.f4 g6 42.Kg3 Nd7 43.f5 gxf5 44.gxf5 Nec5 45.Nc7+ Kf7 46.Bxc5 Nxc5 
47.b4 Ne4+ 48.Kg4 Ke7 49.Nxd5+ Kd6 50.Nf4 b5 51.Ne6 Nf2+ 52.Kf3 Nd3 53.Nd4
Ke5 54.Nxb5 Nxb4 55.Nd4 Nd3 56.Kg4 Nf2+ 57.Kf3 Nd1 58.Ke2 Nc3+ 59.Kd3 Ne4 
60.Nc6+ Kxf5 1/2-1/2

[Event "26th EUR-ch"]
[Site "Katowice POL"]
[Date "2026.04.14"]
[Round "7.65"]
[White "Sason, Noam"]
[Black "Quparadze, Giga"]
[Result "0-1"]
[WhiteElo "2199"]
[BlackElo "2484"]
[EventDate "2026.04.07"]
[PlyCount "72"]

1.Nf3 Nf6 2.g3 e6 3.Bg2 Be7 4.O-O O-O 5.c4 d5 6.b3 c6 7.Bb2 b6 8.d4 Nbd7 
9.Nc3 Ba6 10.Ne5 Nxe5 11.dxe5 Nd7 12.cxd5 cxd5 13.Re1 Rc8 14.Qd4 Bc5 15.
Qa4 Bb7 16.Rad1 Bc6 17.Qf4 f6 18.Qg4 Qe7 19.exf6 Nxf6 20.Qh3 Bd7 21.e3 Bb4
22.Rc1 Qf7 23.f4 d4 24.exd4 e5 25.Qh4 exd4 26.Ne4 Bxe1 27.Rxe1 Nxe4 28.
Rxe4 Rfe8 29.Rxd4 Re1+ 30.Bf1 Qe8 31.Rd2 Qe3+ 32.Rf2 Bb5 33.Kg2 Qe4+ 34.
Kg1 Rxf1+ 35.Rxf1 Bxf1 36.Kxf1 Qb1+ 0-1

[Event "26th EUR-ch"]
[Site "Katowice POL"]
[Date "2026.04.14"]
[Round "7.66"]
[White "Navara, David"]
[Black "Szczurek, Krzysztof"]
[Result "1-0"]
[WhiteElo "2643"]
[BlackElo "2273"]
[EventDate "2026.04.07"]
[PlyCount "59"]

1.d4 d5 2.c4 dxc4 3.Nf3 Nf6 4.e3 e6 5.Bxc4 c5 6.O-O Nc6 7.Nc3 cxd4 8.exd4 
Be7 9.Re1 O-O 10.Bb3 a6 11.Bf4 Nb4 12.Ne5 Nbd5 13.Bg5 h6 14.Bh4 Bd7 15.
Bxd5 exd5 16.Qb3 Re8 17.Qxb7 Rb8 18.Qxa6 Rxb2 19.h3 g5 20.Bg3 Be6 21.Na4 
Rd2 22.Nf3 Rc2 23.Rxe6 fxe6 24.Qd3 Rc4 25.Qg6+ Kh8 26.Qxh6+ Nh7 27.Be5+ 
Bf6 28.Nxg5 Rc7 29.Nxh7 Rc6 30.Nxf6# 1-0

[Event "26th EUR-ch"]
[Site "Katowice POL"]
[Date "2026.04.14"]
[Round "7.67"]
[White "Balacek, Tadeas"]
[Black "Demchenko, Anton"]
[Result "1/2-1/2"]
[WhiteElo "2396"]
[BlackElo "2636"]
[EventDate "2026.04.07"]
[PlyCount "101"]

1.d4 Nf6 2.c4 g6 3.Nc3 Bg7 4.e4 d6 5.Nf3 O-O 6.Be2 Nbd7 7.O-O e5 8.Be3 h6 
9.dxe5 dxe5 10.h3 c6 11.Qc2 Qe7 12.Rad1 Nh5 13.Rfe1 Nf4 14.Bf1 Re8 15.g3 
Ne6 16.h4 Qf8 17.h5 f5 18.exf5 gxf5 19.Bh3 f4 20.Bxe6+ Rxe6 21.Bxf4 Qf7 
22.Qe2 Qxh5 23.Bc1 Re8 24.Ne4 Nf6 25.Nfd2 Qxe2 26.Nxf6+ Bxf6 27.Rxe2 Rd8 
28.Rde1 Bf5 29.Ne4 Bg7 30.f3 Rd3 31.Kg2 Rf8 32.Be3 b6 33.Rd2 Rfd8 34.Rxd3 
Rxd3 35.Kf2 h5 36.Ke2 Rd7 37.Rd1 Rxd1 38.Kxd1 Kh7 39.a4 Bf8 40.a5 Bxe4 41.
fxe4 Bc5 42.axb6 Bxb6 43.c5 Bd8 44.Ke2 Kg6 45.Kf3 Bg5 46.Bf2 Bc1 47.b3 Kg5
48.Bg1 Bb2 49.Be3+ Kf6 50.Bd2 Bd4 51.b4 1/2-1/2

[Event "26th EUR-ch"]
[Site "Katowice POL"]
[Date "2026.04.14"]
[Round "7.68"]
[White "Lazov, Toni"]
[Black "Lupulescu, Constantin"]
[Result "0-1"]
[WhiteElo "2389"]
[BlackElo "2587"]
[EventDate "2026.04.07"]
[PlyCount "78"]

1.e4 e5 2.Nf3 Nc6 3.Bc4 Nf6 4.d3 h6 5.Nc3 d6 6.a4 g6 7.h3 Bg7 8.Be3 O-O 9.
Qd2 Kh7 10.g4 Nd7 11.Ne2 Nb6 12.Bb3 Be6 13.g5 h5 14.a5 Bxb3 15.cxb3 Nc8 
16.a6 Rb8 17.O-O Qd7 18.Kg2 bxa6 19.Rxa6 Nb4 20.Ra4 c5 21.Rfa1 Nc6 22.Qd1 
Rb7 23.Nc3 N8e7 24.R1a3 Rfb8 25.Nd2 Nb4 26.Nc4 d5 27.exd5 Nexd5 28.Nxd5 
Qxd5+ 29.Qf3 Qd7 30.Ra1 Nxd3 31.Na5 Rb4 32.Rxb4 Rxb4 33.Qc6 Qf5 34.Rd1 
Nf4+ 35.Bxf4 Rxf4 36.Qxc5 Qxg5+ 37.Kf1 Qf5 38.Nc4 Qxh3+ 39.Ke1 Qxb3 0-1

[Event "26th EUR-ch"]
[Site "Katowice POL"]
[Date "2026.04.14"]
[Round "7.69"]
[White "Aslanov, Umid"]
[Black "Yilmaz, Mustafa"]
[Result "0-1"]
[WhiteElo "2368"]
[BlackElo "2582"]
[EventDate "2026.04.07"]
[PlyCount "46"]

1.e4 c5 2.Nf3 d6 3.d4 cxd4 4.Nxd4 Nf6 5.Nc3 a6 6.Bc4 e6 7.Be3 b5 8.Bb3 Be7
9.Qf3 Qc7 10.g4 b4 11.Nce2 Bb7 12.Nf4 Bxe4 13.Qh3 e5 14.Nfe6 Qb7 15.Nxg7+ 
Kd8 16.f3 exd4 17.Bxd4 Bxf3 18.O-O Bxg4 19.Qe3 Rg8 20.Rxf6 Rxg7 21.Qg3 Rg5
22.Re1 Nc6 23.Rxf7 Bd7 0-1

[Event "26th EUR-ch"]
[Site "Katowice POL"]
[Date "2026.04.14"]
[Round "7.70"]
[White "Pichot, Alan"]
[Black "Niedbala, Bartlomiej"]
[Result "1-0"]
[WhiteElo "2581"]
[BlackElo "2382"]
[EventDate "2026.04.07"]
[PlyCount "139"]

1.e4 c5 2.Nf3 e6 3.g3 d5 4.exd5 exd5 5.Bg2 Qe7+ 6.Qe2 Qxe2+ 7.Kxe2 Nc6 8.
Re1 h6 9.Kf1+ Be6 10.b3 Be7 11.Ba3 O-O-O 12.Nc3 d4 13.Ne2 Bd6 14.c3 dxc3 
15.Nxc3 Nf6 16.Rac1 Kb8 17.Nb5 Be7 18.Bxc5 Bxc5 19.Rxc5 a6 20.Rxc6 bxc6 
21.Nbd4 Kb7 22.Nxe6 fxe6 23.d4 Rd6 24.Ne5 Rc8 25.Nc4 Rxd4 26.Rxe6 Rxc4 27.
bxc4 Rc7 28.Bf3 Kb6 29.Re5 Nd7 30.Re3 Nc5 31.h4 Rd7 32.Ke2 Rd6 33.a3 Ne6 
34.Re5 Nd4+ 35.Ke3 Nc2+ 36.Ke2 Nd4+ 37.Ke3 Nc2+ 38.Ke4 Rd2 39.a4 Rxf2 40.
a5+ Kc7 41.Re7+ Kd6 42.Rxg7 Kc5 43.Rd7 Kxc4 44.Rd6 c5 45.Rxh6 Nd4 46.Bh5 
Nf5 47.Rg6 Kc3 48.Rg5 Nd6+ 49.Ke3 Rf6 50.Rxc5+ Kb4 51.Rg5 Nc4+ 52.Ke4 Nxa5
53.Bg6 Nc4 54.h5 a5 55.h6 a4 56.h7 Rf8 57.Kd4 Nd2 58.Rf5 Rd8+ 59.Rd5 Rh8 
60.Kd3 Nb3 61.Rd6 a3 62.Rb6+ Ka4 63.Bf7 Nc5+ 64.Kc3 Ka5 65.Rh6 Ne4+ 66.Kb3
Nxg3 67.Bc4 a2 68.Bf7 Ne4 69.Kxa2 Ng3 70.Bg6 1-0

[Event "26th EUR-ch"]
[Site "Katowice POL"]
[Date "2026.04.14"]
[Round "7.71"]
[White "Ambartsumian, Tyhran"]
[Black "Vykouk, Jan"]
[Result "1-0"]
[WhiteElo "2372"]
[BlackElo "2553"]
[EventDate "2026.04.07"]
[PlyCount "129"]

1.e4 c5 2.Nf3 Nc6 3.Bb5 Nf6 4.Nc3 Qc7 5.O-O Nd4 6.Re1 a6 7.Bf1 Ng4 8.g3 
Nxf3+ 9.Qxf3 Ne5 10.Qd1 e6 11.Bg2 Be7 12.a4 O-O 13.d3 d6 14.Ne2 b6 15.d4 
cxd4 16.Nxd4 Bb7 17.c3 Rad8 18.Qe2 Rfe8 19.Nc2 Bf6 20.Ne3 d5 21.Ng4 Nxg4 
22.Qxg4 dxe4 23.Bxe4 Bxc3 24.Bf4 e5 25.bxc3 Bxe4 26.Bg5 f5 27.Bxd8 Rxd8 
28.Qe2 Rd3 29.Rad1 Rxc3 30.Qa2+ Kf8 31.Qe6 Rc6 32.Rd7 Rxe6 33.Rxc7 b5 34.
axb5 axb5 35.Rc5 Rb6 36.f3 Bxf3 37.Rexe5 Be4 38.Rxb5 Rd6 39.g4 g6 40.g5 
Rd1+ 41.Kf2 Rd2+ 42.Ke3 Rd3+ 43.Ke2 h6 44.h4 hxg5 45.hxg5 Rg3 46.Ra5 Rg2+ 
47.Ke3 Rg3+ 48.Kd4 Rd3+ 49.Kc5 Rc3+ 50.Kd6 Rc6+ 51.Kd7 Rb6 52.Ra7 Rb7+ 53.
Rxb7 Bxb7 54.Re8+ Kf7 55.Re7+ Kf8 56.Ke6 Bf3 57.Kf6 Bh5 58.Rh7 Kg8 59.Rd7 
f4 60.Rd8+ Kh7 61.Kf7 f3 62.Rd2 Kh8 63.Rh2 Kh7 64.Kf8 Kh8 65.Rxh5+ 1-0

[Event "26th EUR-ch"]
[Site "Katowice POL"]
[Date "2026.04.14"]
[Round "7.72"]
[White "Can, Emre"]
[Black "Arat, Ufuk Sezen"]
[Result "1-0"]
[WhiteElo "2546"]
[BlackElo "2372"]
[EventDate "2026.04.07"]
[PlyCount "63"]

1.d4 Nf6 2.c4 e6 3.Nf3 d5 4.g3 Be7 5.Bg2 O-O 6.O-O c6 7.Qc2 b6 8.Nbd2 Ba6 
9.b3 Nbd7 10.e4 Rc8 11.Rd1 c5 12.exd5 exd5 13.Bb2 cxd4 14.Nxd4 b5 15.Qf5 
bxc4 16.bxc4 Bxc4 17.Nxc4 Rxc4 18.Bxd5 Nxd5 19.Qxd5 Nb6 20.Qxd8 Bxd8 21.
Nf5 Bf6 22.Bxf6 gxf6 23.Rd6 Re8 24.Rxf6 Re6 25.Rd1 Re8 26.Kg2 Rc7 27.Rd4 
Nc8 28.Rg4+ Kf8 29.Nh6 Re6 30.Rg8+ Ke7 31.Rxf7+ Kd6 32.Nf5+ 1-0

[Event "26th EUR-ch"]
[Site "Katowice POL"]
[Date "2026.04.14"]
[Round "7.73"]
[White "Laurent-Paoli, Pierre"]
[Black "Hulka, Valentyn"]
[Result "1-0"]
[WhiteElo "2542"]
[BlackElo "2372"]
[EventDate "2026.04.07"]
[PlyCount "45"]

1.d4 d5 2.c4 e6 3.Nc3 Nf6 4.cxd5 exd5 5.Bg5 Be7 6.e3 O-O 7.Bd3 h6 8.Bh4 
Re8 9.h3 c6 10.Bg3 Bd6 11.Nge2 Bxg3 12.Nxg3 c5 13.dxc5 d4 14.Nce4 Nxe4 15.
Nxe4 dxe3 16.O-O e2 17.Bxe2 Qxd1 18.Rfxd1 Bf5 19.Nc3 Nc6 20.Bf3 Rac8 21.
Nb5 Rcd8 22.Nd6 Re5 23.Nxb7 1-0

[Event "26th EUR-ch"]
[Site "Katowice POL"]
[Date "2026.04.14"]
[Round "7.74"]
[White "Davtian, Artur"]
[Black "Mkrtchian, Mariam"]
[Result "1-0"]
[WhiteElo "2510"]
[BlackElo "2368"]
[EventDate "2026.04.07"]
[PlyCount "125"]

1.e4 c6 2.d4 d5 3.e5 Bf5 4.Nf3 e6 5.Be2 Ne7 6.c3 Bg6 7.a4 Nf5 8.a5 h5 9.h4
Be7 10.g3 c5 11.Qa4+ Nd7 12.b4 cxb4 13.cxb4 O-O 14.O-O f6 15.Nbd2 Rc8 16.
Bb2 fxe5 17.dxe5 Nb8 18.Rfc1 Rxc1+ 19.Rxc1 Nc6 20.a6 Qb6 21.axb7 Nd8 22.
Ba6 Nxb7 23.Rc6 Nc5 24.Qb5 Qxb5 25.Bxb5 Rb8 26.bxc5 Rxb5 27.Ba3 Ra5 28.Bb4
Rb5 29.Ba3 Ra5 30.Rc8+ Bf8 31.Bb4 Rb5 32.Bc3 a5 33.Nd4 Nxd4 34.Bxd4 Rb4 
35.Bc3 Rb5 36.Bd4 Rb4 37.Bc3 Rb5 38.c6 Rc5 39.Bb2 Kh7 40.Rxf8 Rxc6 41.Nf3 
Bd3 42.Ng5+ Kg6 43.Nh3 Be4 44.f3 Bf5 45.Nf4+ Kh7 46.Nxd5 Rc2 47.Ba3 a4 48.
Ne3 Rc3 49.Nxf5 Rxf3 50.Bd6 a3 51.Ra8 Rxf5 52.Rxa3 Rf7 53.Kg2 Kg6 54.Rf3 
Ra7 55.Kf2 Ra4 56.Rf4 Ra5 57.Ke3 Rb5 58.Rf3 Ra5 59.Kd4 Rd5+ 60.Kc4 Rd1 61.
Kc5 Rc1+ 62.Kb6 Rc2 63.Kb7 1-0

[Event "26th EUR-ch"]
[Site "Katowice POL"]
[Date "2026.04.14"]
[Round "7.75"]
[White "Psyk, Radoslaw"]
[Black "Plichta, Kamil"]
[Result "1-0"]
[WhiteElo "2501"]
[BlackElo "2361"]
[EventDate "2026.04.07"]
[PlyCount "101"]

1.e4 c5 2.Nf3 e6 3.d4 cxd4 4.Nxd4 Nf6 5.Nc3 Nc6 6.Ndb5 Bb4 7.a3 Bxc3+ 8.
Nxc3 d5 9.Bd3 O-O 10.O-O d4 11.Ne2 e5 12.h3 Re8 13.Ng3 Nd7 14.Qh5 Nc5 15.
f4 Nxd3 16.cxd3 f6 17.f5 Bd7 18.Qh4 Qe7 19.Nh5 Nd8 20.Rf3 Kh8 21.Rg3 Rg8 
22.Bh6 gxh6 23.Qxf6+ Qxf6 24.Rxg8+ Kxg8 25.Nxf6+ Kf7 26.Nxd7 Rc8 27.Nxe5+ 
Kf6 28.Nc4 Nf7 29.a4 h5 30.Re1 Ne5 31.Nxe5 Kxe5 32.Rf1 Kf6 33.g3 Rc2 34.
Rf2 Rc1+ 35.Rf1 Rc2 36.Rf2 Rc1+ 37.Kg2 Re1 38.g4 hxg4 39.hxg4 h6 40.Kg3 
Rd1 41.Rf3 Rd2 42.e5+ Kf7 43.b3 a5 44.Kf4 Rb2 45.f6 Re2 46.Kf5 Re3 47.Rf4 
Rxd3 48.e6+ Kf8 49.Kg6 Rxb3 50.Rxd4 Rb4 51.Rd8# 1-0

[Event "26th EUR-ch"]
[Site "Katowice POL"]
[Date "2026.04.14"]
[Round "7.76"]
[White "Beydullayeva, Govhar"]
[Black "Lashkin, Jegor"]
[Result "1/2-1/2"]
[WhiteElo "2358"]
[BlackElo "2493"]
[EventDate "2026.04.07"]
[PlyCount "60"]

1.d4 Nf6 2.c4 e6 3.Nc3 Bb4 4.e3 O-O 5.Bd3 d5 6.a3 Be7 7.Nf3 b6 8.cxd5 exd5
9.b4 Bb7 10.O-O Nbd7 11.Bb2 a5 12.b5 Bd6 13.Qb3 Qe7 14.a4 Rfc8 15.Ba3 c5 
16.bxc6 Bxc6 17.Bxd6 Qxd6 18.Rab1 g6 19.Rfc1 Kg7 20.h3 Qe7 21.Nd2 Bb7 22.
Bb5 Qe6 23.Nf1 h5 24.Nd2 Bc6 25.Be2 Rc7 26.Nf3 Rac8 27.Ba6 Ra8 28.Bd3 Rac8
29.Ba6 Ra8 30.Bd3 Rac8 1/2-1/2

[Event "26th EUR-ch"]
[Site "Katowice POL"]
[Date "2026.04.14"]
[Round "7.77"]
[White "Paichadze, Luka"]
[Black "Perossa, Nicolas"]
[Result "1-0"]
[WhiteElo "2490"]
[BlackElo "2362"]
[EventDate "2026.04.07"]
[PlyCount "75"]

1.e4 e5 2.Nc3 Nf6 3.d4 exd4 4.Qxd4 Nc6 5.Qd3 Bc5 6.Bf4 O-O 7.O-O-O d6 8.f3
Be6 9.Kb1 Re8 10.g4 d5 11.Qb5 Bb6 12.g5 Nh5 13.Bc1 d4 14.Be2 a6 15.Qa4 Bc5
16.Nd5 b5 17.Qb3 Nb4 18.c4 bxc4 19.Bxc4 Rb8 20.Ne3 Nd5 21.exd5 Rxb3 22.
dxe6 Rxe3 23.exf7+ Kf8 24.fxe8=Q+ Rxe8 25.Ne2 g6 26.b3 Bb6 27.Ba3+ Kg7 28.
Nxd4 Bxd4 29.Rxd4 Qxg5 30.Rd7+ Kh6 31.Bc1 Nf4 32.Rf7 Qg2 33.Rd1 g5 34.h4 
Kg6 35.hxg5 Qxf3 36.Rf6+ Kg7 37.Rd7+ Kh8 38.Rf8+ 1-0